Between the 3rd and 2nd millennia BC : exploring cultural diversity and change in late prehistoric communities /

This collection of studies on the cultural reconfigurations that occurred in western Europe between the 3rd and 2nd millennium BCE focuses on the evidence from the West of the Iberian Peninsula, and one on the South of England. They explore regional diversity and challenge grand narratives regarding...

وصف كامل

محفوظ في:

مؤلفون آخرون: Lopes, Susana Soares (المحرر), Gomes, Sérgio Alexandre (المحرر)

التنسيق: كتاب الكتروني

اللغة: English

منشور في: Summertown, Oxford : Archaeopress Publishing Ltd, 2021.

سلاسل: Archaeopress archaeology.

الموضوعات:

الوصول للمادة أونلاين: Login to view Source

الوسوم: إضافة وسم

لا توجد وسوم, كن أول من يضع وسما على هذه التسجيلة!

رقم الطلب: GN778.2.A1

LEADER 02394nam a2200493 i 4500
001 EDZ0002527154
003 StDuBDS
005 20230412183050.0
006 m|||||o||d||||||||
007 cr |||||||||||
008 210424s2021 enkab fob 000|0|eng|d
020 |a 9781789699234 (PDF ebook) :  |c No price 
040 |a StDuBDS  |b eng  |c StDuBDS  |e rda  |e pn 
050 4 |a GN778.2.A1 
082 0 4 |a 936.0156  |2 23 
245 0 0 |a Between the 3rd and 2nd millennia BC :  |b exploring cultural diversity and change in late prehistoric communities /  |c edited by Susana Soares Lopes, Sérgio Alexandre Gomes. 
264 1 |a Summertown, Oxford :  |b Archaeopress Publishing Ltd,  |c 2021. 
300 |a 1 online resource (ii, 150 pages) :  |b illustrations (black and white, and colour), maps (black and white, and colour). 
336 |a text  |2 rdacontent 
336 |a still image  |2 rdacontent 
336 |a cartographic image  |2 rdacontent 
337 |a computer  |2 rdamedia 
338 |a online resource  |2 rdacarrier 
490 1 |a Archaeopress archaeology 
500 |a Also issued in print: 2021. 
500 |a "Available in both print and Open Access"--Homepage. 
504 |a Includes bibliographical references. 
506 0 |a Open access. 
520 8 |a This collection of studies on the cultural reconfigurations that occurred in western Europe between the 3rd and 2nd millennium BCE focuses on the evidence from the West of the Iberian Peninsula, and one on the South of England. They explore regional diversity and challenge grand narratives regarding Chalcolithic and Bronze Age communities. 
521 |a Specialized. 
588 |a Description based on online resource; title from PDF title page (viewed on April 26, 2021). 
650 0 |a Copper age  |z Europe, Western. 
650 0 |a Bronze age  |z Europe, Western. 
650 0 |a Copper age  |z Iberian Peninsula. 
650 0 |a Bronze age  |z Iberian Peninsula. 
650 0 |a Bronze age  |z England  |z Cambridgeshire. 
700 1 |a Lopes, Susana Soares,  |e editor. 
700 1 |a Gomes, Sérgio Alexandre,  |e editor. 
776 0 8 |i Print version :  |z 9781789699227 
830 0 |a Archaeopress archaeology. 
856 4 0 |3 Archaeopress  |u http://library.arce.org:8087/Archaeopress/Products/9781789699227 
942 |2 lcc  |c EBOOK 
952 |0 0  |1 0  |4 0  |6 GN07782 A1  |7 1  |9 46821  |a ARCH  |b ARCH  |d 2023-04-12  |l 0  |o GN778.2.A1  |r 2023-04-12 00:00:00  |w 2023-04-12  |y EBOOK 
999 |c 52479  |d 52479